000
00328 a2200157 4500
001
123875
020
_a
9781897457757
040
_c
Escola Canadense de Niteroi
245
1
0
_a
Complete ScienceSmart 3
250
_a
1 ed.
260
_a
Canada
362
0
_a
2015
490
0
_a
ScienceSmart
650
4
_a
Science
942
_c
BK
999
_c
123875
_d
123875